Zikhronot-ḳedumim mi-teḳufat yisud ha-yishuv shel ʻadat ha-Ashkenazim bi-Yerushalayim.
Saved in:
| Main Author: | |
|---|---|
| Format: | Book |
| Language: | Hebrew |
| Published: |
Jerusalem :
[s.n.]
688 [1927 or 1928]
|
| Subjects: | |
| Tags: |
Add Tag
No Tags, Be the first to tag this record!
|
| LEADER | 00553nam a22001817u 4500 | ||
|---|---|---|---|
| 001 | 000027880-7 | ||
| 005 | 20020606090541.3 | ||
| 008 | 030784|1927 is |||| ||||||0||||heb|| | ||
| 035 | 0 | |a ocm19150793 | |
| 100 | 1 | |a Grayevsḳi, Pinḥas ben Tsevi, |d 1873-1941. | |
| 245 | 1 | 0 | |a Zikhronot-ḳedumim mi-teḳufat yisud ha-yishuv shel ʻadat ha-Ashkenazim bi-Yerushalayim. |
| 260 | 0 | |a Jerusalem : |b [s.n.] |c 688 [1927 or 1928] | |
| 300 | |a 1 v. | ||
| 650 | 0 | |a Jews |z Jerusalem. | |
| 651 | 0 | |a Jerusalem |x History. | |
| 752 | |a Israel |d Jerusalem | ||
| 988 | |a 20020608 | ||
| 906 | |0 MH | ||


